Brawl Stars: Skins by Brawler - Statistics

General Stats
  • This quiz has been taken 25 times
  • The average score is 56 of 94
Answer Stats
Brawler Skin % Correct
Bull Alleycat Bull | B-800 | +11
100%
Shelly America Shelly | Bandita Shelly | +14
100%
Colt Astral Colt | Atl. Nacional Colt | +23
100%
Barley Bakesale Barley | Buccaneer Barley | +6
100%
Brock Beach Brock | Boom Box Brock | +18
100%
Nita Gummybear Nita | Koala Nita | +10
100%
Ollie Ollie-G | Pharaollie
100%
Bo Brother Bo | Cupid Bo | +12
92%
Penny Bunny Penny | Dark Bunny Penny | +6
92%
Jessie Cat Burglar Jessie | Doll Jessie | +8
92%
Jacky Constructor Jacky | Cuttlefish Jacky | +6
92%
El Primo El Atómico | El Baby Shark | +14
92%
8-BIT 8-Bit Classic | Antivirus 8-Bit | +6
83%
Gene Angel Gene | Dark Samurai Gene | +4
83%
Mortis Beach Time Mortis | Blue Squidward Mortis | +17
83%
Edgar Blackbird Edgar | Dark Angel Edgar | +13
83%
Dynamike Boomer Dynamike | Bellhop Mike | +15
83%
Rico Chicken Rico | Egg Rico | +11
83%
Emz Demon Emz | DJ 3.M.Z | +6
83%
Otis Demon Otis | Oni Otis | +3
83%
Poco Desperado Poco | CCTV Poco | +7
83%
Larry & Lawrie Angel Larry & Lawrie | Dark Angel Larry & Lawrie | +3
75%
Bea Archvillain Bea | Bea Byte | +4
75%
Ash Ash Boy | Krampus Ash | +6
75%
Willow Axl Willow | Demon Willow | +1
75%
Gus Balloon Sally | Boy Scout Gus | +5
75%
Byron Beach Byron | Byron the White | +3
75%
Bibi Bibi RJ | Bibilante | +11
75%
Carl Biker Carl | Captain Carl | +8
75%
Rosa Brawl-o-ween Rosa | Cheerleader Rosa | +5
75%
Colette Cuckoo Colette | Fangirl Cony | +9
75%
Darryl Cupcake Darryl | Crash Test Darryl | +8
75%
Leon Dino Leon | Leon the Stray | +9
75%
Lily Angel Lily | Knight Lily | +1
67%
Max Angel Max | Cony Max | +5
67%
Piper Athena Piper | Calavera Piper | +9
67%
Belle Beach Belle | Belle Goldhand | +4
67%
Buzz Black Godzilla Buzz | Born Bad Buzz | +11
67%
Frank Blue King Frank | Caveman Frank | +10
67%
Grom Bunny Grom | Dasis Grom | +3
67%
Crow Captain Crow | Crowbone | +7
67%
Finx Crimson Tyfinx | Jurassic Finx | +2
67%
Bonnie Empress Bonnie | FootBonnie | +4
67%
Gale Galactic Gale | Merchant Gale | +3
67%
Mandy Hanbok Mandy | Carnaval Mandy | +4
67%
Charlie Amazing Charlie | Rosie Charlie | +1
58%
Amber Amber de la Vega | Bubble Trouble Amber | +3
58%
Nani Ares Nani | Bell Nani | +3
58%
Melodie Blackgreen Melodie | Harpy Melodie | +3
58%
Sam Caesar Sam | Dark Clown Sam | +3
58%
Tick Cerberus Tick | Eggsplosion Tick | +7
58%
Shade Cinema Shade | Street Shade
58%
Chester Dark Chester | Loki Chester | +3
58%
Spike Dark Lord Spike | Logmas Spike | +6
58%
Angelo Dionysus Angelo | Elf Angelo | +1
58%
Doug Draco Doug | Knight Doug | +1
58%
Squeak First Blob Squeak | Ghost Squeak | +5
58%
Griff High Score Griff | Intergalactic Griff | +3
58%
Hank Moon Guardian Hank | Rodeo Hank | +1
58%
Mr. P Agent P | Count Pengula | +3
50%
Maisie Amazing Maisie | Fuchsia Maisie | +4
50%
Sprout Aquamarine Sprout | Corrupted Sprout | +5
50%
Lou Bandito Lou | Burger Lou | +4
50%
Buster Biker Buster | Blessed Buster | +3
50%
Berry Dark Horse Berry | Pegasus Berry | +1
50%
Stu Headless Rider Stu | Jock Stu | +4
50%
Tara Misfortune Tara | Ragequit Tara | +5
50%
Surge Anti-Hero Skeletal Surge | DIY Surge | +9
42%
Lola Cobra Lola | Galaxy Storm Lola | +6
42%
Janet Dark Fairy Janet | Firewing Janet | +5
42%
Chuck Desert Scorpion Chuck | Electroid Chuck | +1
42%
Pam Egg Pam | Evil Queen Pam | +3
42%
Sandy Glowing Jellyfish Sandy | Hypnos Sandy | +7
42%
Juju Queen Juju | Unlucky Juju
42%
Eve Baiku Eve | Cored Eve | +3
33%
Kit Billy the Kit | Calico Kit | +10
33%
Fang Blue Pitcher Fang | Fanguard | +8
33%
Pearl Dark Keep Pearl | Periscope Pearl | +1
33%
Gray Detective Gray | Detective Noir Gray | +3
33%
Clancy High Stakes Clancy | Kaiju Clancy
33%
Cordelius Paper Cordelius | Poison Cap Cordelius | +3
33%
Kenji Aodaisho Kenji | Cursed Kenji | +4
25%
Meg Beetle Meg | Jaguar Spirit Meg | +4
25%
Kaze Fruity Kaze
25%
Jae-yong Jammin' Jae
25%
Meeple Mystic Meeple | Strike Meeple
25%
Trunk Swimming Trunk
25%
R-T Crimson R-T | Patrol R-T | +1
17%
Draco Dark Knight Draco | Dread Knight Draco
17%
Mico Grouch Mico | Macaron Mico | +2
17%
Ruffs Marshal Ruffs | Ronin Ruffs | +4
17%
Moe Monterey Moe | Moon Driller Moe
17%
Lumi Dark Knight Lumi | Persephone Lumi
8%
Alli Hunter-Gatherer Alli
8%
No matching quizzes found
Score Distribution
Percent of People with Each Score
Percentile by Number Answered
Your Score History
You have not taken this quiz